Алгоритм передачи данных при вычислении спектра шума лесного пожара; Технологии Microsoft в теории и практике программирования

Bibliographic Details
Parent link:Технологии Microsoft в теории и практике программирования.— 2016.— [С. 174-176]
Main Author: Сидоров В. В.
Corporate Author: Национальный исследовательский Томский политехнический университет (ТПУ) Институт кибернетики (ИК) Кафедра информатики и проектирования систем (ИПС)
Other Authors: Хамухин А. А. Александр Анатольевич (научный руководитель)
Summary:Заглавие с титульного экрана
There is the description of the algorithm which let us to detect wildfire more quickly.
Language:Russian
Published: 2016
Series:Информационно-телекоммуникационные технологии. Информационная безопасность
Subjects:
Online Access:http://earchive.tpu.ru/handle/11683/33267
Format: MixedMaterials Electronic Book Chapter
KOHA link:https://koha.lib.tpu.ru/cgi-bin/koha/opac-detail.pl?biblionumber=620933

MARC

LEADER 00000naa2a2200000 4500
001 620933
005 20231101133133.0
035 |a (RuTPU)RU\TPU\conf\19466 
035 |a RU\TPU\conf\19465 
090 |a 620933 
100 |a 20161021d2016 k y0rusy50 ca 
101 0 |a rus 
102 |a RU 
105 |a y z 101zy 
135 |a drcn ---uucaa 
181 0 |a i  
182 0 |a b 
200 1 |a Алгоритм передачи данных при вычислении спектра шума лесного пожара  |f В. В. Сидоров  |g науч. рук. А. А. Хамухин 
203 |a Текст  |c электронный 
225 1 |a Информационно-телекоммуникационные технологии. Информационная безопасность 
230 |a 1 компьютерный файл (pdf; 759 Kb) 
300 |a Заглавие с титульного экрана 
320 |a [Библиогр.: с. 176 (2 назв.)] 
330 |a There is the description of the algorithm which let us to detect wildfire more quickly. 
463 1 |0 (RuTPU)RU\TPU\conf\12653  |t Технологии Microsoft в теории и практике программирования  |o сборник трудов XIII Всероссийской научно-практической конференции студентов, аспирантов и молодых ученых, г.Томск, 22-23 марта 2016 г.  |f Национальный исследовательский Томский политехнический университет (ТПУ), Институт кибернетики ; ред. кол. А. В. Лиепиньш [и др.]  |v [С. 174-176]  |d 2016 
610 1 |a труды учёных ТПУ 
610 1 |a электронные ресурсы 
610 1 |a лесные пожары 
610 1 |a передача данных 
610 1 |a датчики 
610 1 |a алгоритмы 
610 1 |a спектры 
700 1 |a Сидоров  |b В. В. 
702 1 |a Хамухин  |b А. А.  |c специалист в области информатики и вычислительной техники  |c доцент Томского политехнического университета, кандидат технических наук  |f 1954-  |g Александр Анатольевич  |2 stltpush  |4 727 
712 0 2 |a Национальный исследовательский Томский политехнический университет (ТПУ)  |b Институт кибернетики (ИК)  |b Кафедра информатики и проектирования систем (ИПС)  |h 124  |2 stltpush  |3 (RuTPU)RU\TPU\col\18697 
801 2 |a RU  |b 63413507  |c 20161028  |g RCR 
856 4 |u http://earchive.tpu.ru/handle/11683/33267 
942 |c BK